El adolescente y sus problemas (Record no. 61276)

MARC details
000 -LEADER
campo de control de longitud fija 00689cac a2200217 a 4500
003 - IDENTIFICADOR DE NÚMERO DE CONTROL
campo de control CO-PeBPM
005 - FECHA Y HORA DE LA ÚLTIMA TRANSACCIÓN
campo de control 20250929181351.0
008 - DATOS DE LONGITUD FIJA--INFORMACIÓN GENERAL
campo de control de longitud fija 250929s1964 ck |||| |||| 00| 0 spa d
040 ## - FUENTE DE CATALOGACIÓN
Centro catalogador/agencia de origen CO-PeBPM
Lengua de catalogación spa
Centro/agencia transcriptor CO-PeBPM
Normas de descripción rda
041 ## - CÓDIGO DE IDIOMA
Código de lengua del texto/banda sonora o título independiente spa
082 04 - NÚMERO DE LA CLASIFICACIÓN DECIMAL DEWEY
Número de clasificación 155.5 B114a
Número de edición 22
100 1# - ENTRADA PRINCIPAL--NOMBRE DE PERSONA
Nombre de persona Babin, P.
Término indicativo de función/relación autor
245 10 - MENCIÓN DEL TÍTULO
Título El adolescente y sus problemas
Mención de responsabilidad, etc. / P. Babin y J. Vimort; traducción Fernando Gutiérrez
260 ## - PUBLICACIÓN, DISTRIBUCIÓN, ETC.
Lugar de publicación, distribución, etc. Barcelona, España
Nombre del editor, distribuidor, etc. : Herder
Fecha de publicación, distribución, etc. , 1964
300 ## - DESCRIPCIÓN FÍSICA
Extensión 134 páginas
Dimensiones 17 centímetros
650 14 - PUNTO DE ACCESO ADICIONAL DE MATERIA--TÉRMINO DE MATERIA
Término de materia o nombre geográfico como elemento de entrada Padres e hijos
Fuente del encabezamiento o término LEMB
650 14 - PUNTO DE ACCESO ADICIONAL DE MATERIA--TÉRMINO DE MATERIA
Término de materia o nombre geográfico como elemento de entrada Psicología del adolescente
Fuente del encabezamiento o término LEMB
700 1# - ENTRADA AGREGADA--NOMBRE PERSONAL
Nombre de persona Gutiérrez, Fernando
Término indicativo de función/relación traducción
700 1# - ENTRADA AGREGADA--NOMBRE PERSONAL
Nombre de persona Vimort, J.
Fechas asociadas al nombre autor
942 ## - ELEMENTOS DE ENTRADA SECUNDARIOS (KOHA)
Fuente del sistema de clasificación o colocación Clasificación Decimal Dewey
Tipo de ítem Koha Libros
Suprimir en OPAC No
Holdings
Estatus retirado Estado de pérdida Fuente del sistema de clasificación o colocación Estado de daño No para préstamo Colección Biblioteca de origen Biblioteca actual Ubicación en estantería Fecha de adquisición Fuente de adquisición Total de préstamos Signatura topográfica completa Código de barras Visto por última vez Copia número Precio de reemplazo Tipo de ítem Koha
    Clasificación Decimal Dewey     General BIBLIOTECA PÚBLICA MUNICIPAL RAMON CORREA MEJIA BIBLIOTECA PÚBLICA MUNICIPAL RAMON CORREA MEJIA Colección general 29/09/1996 Donación   155.5 B114a 05544 29/09/2025 Ej. 1 29/09/2025 Libros

Powered by Koha